Indices of the corporate responsibility – the form of alternative methods in the managerial accounting of the corporate responsibility

Kategorizácie a klasifikácia vybraných foriem spoločenskej zodpovednosti. Vlastnosti frekventovaných indexov spoločenskej zodpovednosti a udržateľnosti. Špecifické poňatie manažérskeho účtovníctva ako hodnotiaceho systému o definícii alternatívnych metód účtovníctva.

Saved in:
Bibliographic Details
Main Author: Dubcová, Gabriela, 1968-
Other Authors: Kunz, Vilém
Format: Book Chapter
Language:English
Subjects:
Tags: Add Tag
No Tags, Be the first to tag this record!

MARC

LEADER 00000nla a2200000 4500
001 0220847
005 20240522135143.5
041 0 |a eng 
044 |a SK 
245 1 0 |a Indices of the corporate responsibility – the form of alternative methods in the managerial accounting of the corporate responsibility  |c Gabriela Dubcová, Vilém Kunz 
520 |a Kategorizácie a klasifikácia vybraných foriem spoločenskej zodpovednosti. Vlastnosti frekventovaných indexov spoločenskej zodpovednosti a udržateľnosti. Špecifické poňatie manažérskeho účtovníctva ako hodnotiaceho systému o definícii alternatívnych metód účtovníctva. 
610 2 0 |a kontroling 
610 2 0 |a metódy riadenia 
610 2 0 |a indexy 
610 2 0 |a zodpovednosť podniku spoločenská 
610 2 0 |a účtovníctvo manažérske 
610 2 0 |a informácie účtovné 
100 1 |a Dubcová, Gabriela, 1968- 
700 1 |a Kunz, Vilém